| 000 | 01597cam a22003491i 4500 | ||
|---|---|---|---|
| 003 | SA-RiAUC | ||
| 005 | 20250115142109.0 | ||
| 008 | 250115s2013____su g b 000 0cara c | ||
| 020 | _a9786039034902 | ||
| 020 | _a9786039034919 (مج. 1) | ||
| 020 | _a9786039034926 (مج. 2) | ||
| 020 | _a9786039034933 (مج. 3) | ||
| 040 |
_aSA-RiDKA _bara _cSA-RiAUC _erda |
||
| 043 | _aa-su--- | ||
| 082 | 0 | 4 |
_a922.1 _qSA-RiAUC |
| 090 |
_a922.1 _b ا ب ن ح |
||
| 100 | 1 |
_aابن حميد، صالح بن عبد الله، _d1369 هجري- _eمؤلف. |
|
| 245 | 1 | 0 |
_aتاريخ أمة في سير أئمة : _b(تراجم لأئمة الحرمين الشريفين وخطبائها منذ عهد النبوة إلى سنة 1432 هـ.) / _cصالح بن عبد الله بن محمد بن حميد. |
| 264 | 1 |
_aمكة المكرمة : _bمركز تاريخ مكة المكرمة، _c2013 |
|
| 300 |
_a5 مجلد ؛ _c24 سم |
||
| 336 |
_aنص _btxt _2rdacontent _3كتاب |
||
| 337 |
_aبدون وسيط _bn _2rdamedia |
||
| 338 |
_aمجلد _bnc _2rdacarrier |
||
| 500 | _aملاحظات من الشيخ الدكتور عبدالوهاب سليمان رحمه الله بداخل الكتاب | ||
| 504 | _aيشتمل على إرجاعات ببليوجرافية. | ||
| 650 | 7 |
_aالمسلمون _zالسعودية _vتراجم _2aucsh |
|
| 650 | 7 |
_aالدعاة السعوديون _vتراجم _2aucsh |
|
| 651 | 7 |
_aمكة المكرمة _vتراجم _2aucsh |
|
| 651 | 7 |
_aالمدينة المنورة _vتراجم _2aucsh |
|
| 942 |
_2ddc _cBOOK _n0 |
||
| 949 |
_aSA-JeALM _d250115 _ueid123 _n1 |
||
| 999 |
_c4822 _d4822 |
||